• 首页
  • 本馆介绍
  • 公告通知
  • 最新文献
  • 馆藏检索
  • 电子资源
  • 读者导购
  • 参考咨询
  • 我的图书馆
  • 登录
  • 详细信息显示
  • 放入我的书架
  • 预约/预借图书
  • 作者相关作品
  • 分类相关作品
  • 丛书相关作品
  • 出版社相关作品

书目信息

  • 表格格式
  • 工作单格式
  • 卡片格式
题名:
公共政策执行中的政府执行力问题研究
    
 
作者: 莫勇波 著
分册:  
出版信息: 北京   中国社会科学出版社  2007
页数: 232页
开本: 24cm
丛书名: 广东商学院学术文库
单 册:
中图分类: D630.1
科图分类:
主题词: 国家行政机关--行政管理--研究--中国 , 国家行政机关 , 行政管理
电子资源:
ISBN: 978-7-5004-6290-3
000 00998nam0 2200289 45
001 1029960402
005 20100428143816.12
010    @a978-7-5004-6290-3@dCNY26.00
100    @a20100420d2007 em y0chiy50 ea
101 0  @achi
102    @aCN@b110000
105    @ay z 000yy
106    @ar
200 1  @a公共政策执行中的政府执行力问题研究@AGong Gong Zheng Ce Zhi Xing Zhong De Zheng Fu Zhi Xing Li Wen Ti Yan Jiu@f莫勇波著@FMo Yong Bo Zhu
210    @a北京@c中国社会科学出版社@d2007
215    @a232页@d24cm
225 2  @a广东商学院学术文库
330    @a本书共六章,逻辑基础及理论分析、现状评估、机理探究、对策思考等。
461  0 @12001 @a广东商学院学术文库
510 1  @aStudy on the government executive ability in the policy-implementation@zeng
606 0  @a国家行政机关@x行政管理@x研究@y中国
606 0  @a国家行政机关
606 0  @a行政管理
690    @aD630.1@v4
701  0 @a莫勇波@AMo Yong Bo@4著
801  0 @aCN@bTANGWEI@c20100428
905    @b0594895-99@dD630.1@e154@f5
    
    公共政策执行中的政府执行力问题研究/莫勇波著.-北京:中国社会科学出版社,2007
    232页;24cm.-(广东商学院学术文库)
    
    
    ISBN 978-7-5004-6290-3:CNY26.00
    本书共六章,逻辑基础及理论分析、现状评估、机理探究、对策思考等。
●
相关链接 在E读中查询图书 在五车中查询图书 在当当中查询图书 在豆瓣中查询图书


正题名:公共政策执行中的政府执行力问题研究     索取号:D630.1/154         预约/预借

序号 登录号 条形码 馆藏地/架位号 状态 备注
1 0594895   205948956   第一样本阅览室/ [索取号:D630.1/154] 在馆    
2 0594896   205948965   第一借阅区/ [索取号:D630.1/154] 在馆    
3 0594897   205948974   第一借阅区/ [索取号:D630.1/154] 在馆    
4 0594898   205948983   第一借阅区/ [索取号:D630.1/154] 在馆    
5 0594899   205948992   第一借阅区/ [索取号:D630.1/154] 在馆    
唐山师范学院图书馆 欢迎您!
大连网信软件有限公司© 版权所有